| 000 | 00783nam a2200229Ia 4500 | ||
|---|---|---|---|
| 003 | CO-CtgCURN | ||
| 005 | 20250409210222.0 | ||
| 008 | 190725s9999 xx 000 0 und d | ||
| 020 | _a9583338087 | ||
| 040 |
_aCO-CtgCURN _bspa _ccoctgcurn |
||
| 082 |
_a658.406 _bP896 |
||
| 100 | _aPrada Daza, Raymond | ||
| 245 | 0 |
_aCreatividad e innovacion empresarial / _cRaymond Prada |
|
| 260 |
_aColombia : _bTecnoPress Ediciones, _c2002 |
||
| 300 |
_a289 páginas ; _c24 centímetros |
||
| 504 | _aIncluye referencias bibliográficas (p. 283-286) | ||
| 521 | _aAREA BASICA | ||
| 590 | _aTodos los programas acádemicos | ||
| 650 | _aAptitud creadora en los negocios | ||
| 942 |
_cBK _h658.406 _iP896 |
||
| 999 |
_c30268 _d30268 |
||